000 00513nam a22001577u 4500
008 130405s1962 xxu||||| |||| 00| 0 spa d
041 _aspa
100 1 _aMajó Framis, Ricardo
_934101
245 0 0 _aVidas de los navegantes, conquistadores y colonizadores españoles de los siglos XVI,XVII y XVIII
_cRicardo Majó Framis
260 _aMadrid:
_bAguilar,
_c1962
300 _a1364 p.
_c;18 cm.
_emap.
500 _aContiene: I. Navegantes
650 0 4 _aBiografías Colectivas
_914924
942 _cBK
001 45314
999 _c266307
_d266307